[Event "Titled Tue 10th Jun Late"]
[Site "chess.com INT"]
[Date "2025.06.10"]
[Round "6"]
[White "Brezis, Ari"]
[Black "Halynyazov, Vepaly"]
[Result "1-0"]
[WhiteTitle "CM"]
[WhiteElo "2179"]
[BlackElo "2189"]
[WhiteFideId "2858541"]
[BlackFideId "14004020"]
[EventDate "2025.06.10"]

1. d4 d5 2. Bf4 Nf6 3. e3 c5 4. Nd2 Nc6 5. c3 Bf5 6. dxc5 e5 7. Bg3 Bxc5 8. Ngf3
Qe7 9. Be2 O-O 10. O-O Rfd8 11. a4 Rac8 12. Re1 h6 13. Bf1 Qe6 14. Nd4 Bxd4 15.
exd4 e4 16. Nb3 b6 17. a5 Bg4 18. Qd2 Nh5 19. f3 Nxg3 20. hxg3 Bf5 21. axb6 axb6
22. Ra6 Ne7 23. g4 Bg6 24. fxe4 Bxe4 25. Nc5 Qxg4 26. Nxe4 dxe4 27. Rxb6 e3 28.
Qe2 Qg3 29. Rb7 Nd5 30. Ra1 Nf4 31. Qf3 Qxf3 32. gxf3 e2 33. Bxe2 Nxe2+ 34. Kf2
Nf4 35. Raa7 Kf8 36. Rxf7+ Kg8 37. Rxf4 Rd6 38. Rg4 g6 39. Rf4 Rf8 40. Rxf8+
Kxf8 41. Ke3 h5 42. c4 Rb6 43. c5 Rxb2 44. d5 Rc2 45. c6 h4 46. Kf4 h3 47. Ke5
h2 48. Rh7 Kg8 49. Rh3 Kf7 50. f4 Ke7 51. Rh7+ Kf8 52. Kd6 Kg8 53. Rh3 Kf7 54.
Kd7 Rd2 55. d6 Rc2 56. c7 Rc3 57. Rxh2 Rd3 58. c8=Q Kf6 59. Qf8# 1-0

[Event "Titled Tue 10th Jun Late"]
[Site "chess.com INT"]
[Date "2025.06.10"]
[Round "6"]
[White "Paravyan, David"]
[Black "Sapocinic, Semion"]
[Result "1-0"]
[WhiteTitle "GM"]
[BlackTitle "FM"]
[WhiteElo "2589"]
[BlackElo "2296"]
[WhiteFideId "4194985"]
[BlackFideId "13908693"]
[EventDate "2025.06.10"]

1. d4 Nf6 2. Nc3 d5 3. Bf4 c5 4. e3 cxd4 5. exd4 Bg4 6. f3 Bd7 7. Nb5 Qa5+ 8. b4
Qxb5 9. Bxb5 Bxb5 10. c4 Bxc4 11. Bxb8 Rxb8 12. Qa4+ Nd7 13. Qxa7 e6 14. a3 Bd6
15. Qa4 Ke7 16. Nh3 Ra8 17. Qd1 Rxa3 18. Rxa3 Bxb4+ 19. Kf2 Bxa3 20. Qd2 f6 21.
Ra1 Bd6 22. Ra7 Ba6 23. Nf4 g5 24. Nd3 Bb8 25. Qb4+ Bd6 26. Nc5 Rc8 27. Rxb7
Bxb7 28. Qxb7 Rc7 29. Qa8 Nxc5 30. dxc5 Bxc5+ 31. Kg3 Bd6+ 32. Kh3 Be5 33. g3 d4
34. Qe4 Rd7 35. Qxh7+ Kd6 36. Qd3 Kc5 37. Kg4 Rg7 38. Qb3 f5+ 39. Kh5 Kd6 40.
Kh6 Rg8 41. Qb4+ Kd5 42. Qb5+ Kd6 43. Qb4+ Kc6 44. Qa4+ Kd6 45. f4 gxf4 46. gxf4
Bxf4+ 47. Kh7 Rg4 48. Qxd4+ Ke7 49. h3 Rh4+ 50. Kg6 Rh6+ 51. Kg7 e5 52. Qa7+ Ke6
53. Qa6+ Kd5 54. Qd3+ Ke6 55. Qb3+ Kd6 56. Qd1+ Ke7 57. Qf3 Rd6 58. h4 Bh6+ 59.
Kh7 Bf8 60. Qxf5 Rh6+ 61. Kg8 Rf6 62. Qxe5+ Re6 63. Qc7+ Ke8 64. Qf7+ Kd8 65.
Qxe6 1-0

[Event "Titled Tue 10th Jun Late"]
[Site "chess.com INT"]
[Date "2025.06.10"]
[Round "6"]
[White "Bhatia, Kanishka"]
[Black "Sliwicka, Alicja"]
[Result "0-1"]
[WhiteTitle "WCM"]
[BlackTitle "WGM"]
[WhiteElo "1965"]
[BlackElo "2299"]
[WhiteFideId "2410095"]
[BlackFideId "1150677"]
[EventDate "2025.06.10"]

1. e4 c5 2. c3 e5 3. Nf3 Nc6 4. Bc4 Be7 5. d4 exd4 6. cxd4 cxd4 7. Nxd4 Bf6 8.
Be3 Nge7 9. Nc3 O-O 10. O-O d6 11. Ndb5 Na5 12. Be2 Bxc3 13. Nxc3 Be6 14. Bf3
Nc4 15. Bf4 Ng6 16. Bg3 Nxb2 17. Qxd6 Qxd6 18. Bxd6 Rfd8 19. e5 Rd7 20. Rab1 Nc4
21. Bxb7 Rad8 22. Bc6 Rxd6 23. exd6 Nd2 24. Nb5 Nxf1 25. Rxf1 a6 26. Nc7 Rxd6
27. Rc1 Bxa2 28. Nxa6 h5 29. h3 h4 30. Nb4 Be6 31. Bf3 Kh7 32. Rc7 Ne5 33. Be4+
g6 34. f4 Nc4 35. Kf2 Nd2 36. Bc2 Kg7 37. Nd3 Ne4+ 38. Ke3 Ng3 39. Ne5 Kf6 40.
Bd3 Bd5 41. Ra7 Nf5+ 42. Bxf5 gxf5 43. Kf2 Be6 44. Rb7 Rd4 45. Ke3 Re4+ 46. Kf3
Bd5 47. Rd7 Be6 48. Rd2 Ra4 49. Kf2 Rxf4+ 50. Ke3 Kxe5 51. Rb2 Re4+ 52. Kf3 Bd5
53. Kf2 Rd4 54. Rb8 Kf6 55. Ke3 Re4+ 56. Kd3 Ra4 57. Rb6+ Kg5 58. Ke3 Bxg2 59.
Kf2 Bxh3 60. Rb8 Bg4 61. Rg8+ Kf6 62. Rf8 h3 63. Rh8 Ra2+ 64. Kg1 Rg2+ 65. Kh1
Ra2 66. Rh6+ Ke5 67. Kg1 f4 68. Kh1 f5 69. Kg1 f3 70. Rh8 Kf4 71. Rd8 Kg3 72.
Rd1 h2+ 73. Kh1 f2 74. Rd3+ Bf3+ 75. Rxf3+ Kxf3 76. Kxh2 f1=Q# 0-1

[Event "Titled Tue 10th Jun Late"]
[Site "chess.com INT"]
[Date "2025.06.10"]
[Round "6"]
[White "Le, Tuan Minh"]
[Black "Carlsen, Magnus"]
[Result "0-1"]
[WhiteTitle "GM"]
[BlackTitle "GM"]
[WhiteElo "2598"]
[BlackElo "2837"]
[WhiteFideId "12401153"]
[BlackFideId "1503014"]
[EventDate "2025.06.10"]

1. d4 d5 2. Nf3 Nf6 3. Bf4 c5 4. c3 Nc6 5. e3 Qb6 6. Qc2 g6 7. Nbd2 Bf5 8. dxc5
Bxc2 9. cxb6 axb6 10. Nd4 Ba4 11. b3 Nxd4 12. cxd4 Bc6 13. Bd3 b5 14. Ke2 b4 15.
Rhc1 Nd7 16. Rc2 f6 17. Bg3 e6 18. Nb1 e5 19. f3 e4 20. fxe4 dxe4 21. Bc4 Nb6
22. Nd2 Be7 23. Kf2 Rf8 24. Rac1 f5 25. Be5 Kd7 26. g3 Ra5 27. Be2 Rfa8 28. Ra1
Ke6 29. Nc4 Nxc4 30. Bxc4+ Bd5 31. Bxd5+ Kxd5 32. Ke2 g5 33. Kd2 R8a6 34. Bb8
Rc6 35. Rb2 Rc3 36. Rf1 Ke6 37. a4 h5 38. h4 gxh4 39. gxh4 Bxh4 40. Bf4 Ra8 41.
Rh1 Rg8 42. Kd1 Bg3 43. Rg2 Rd3+ 44. Kc2 Rc8+ 45. Kb2 Bxf4 46. exf4 Rcc3 47.
Rxh5 Rxb3+ 48. Ka2 Ra3+ 49. Kb2 Rdb3+ 50. Kc2 Rg3 51. Rxg3 Rxg3 52. d5+ Kxd5 53.
Rxf5+ Kc4 54. Rb5 e3 55. f5 Rg1 56. Re5 b3+ 57. Kb2 Kd3 58. f6 Rf1 59. Re6 e2
60. Kxb3 e1=Q 61. Rxe1 Rxe1 62. Kb4 Rf1 63. f7 0-1

[Event "Titled Tue 10th Jun Late"]
[Site "chess.com INT"]
[Date "2025.06.10"]
[Round "6"]
[White "Tahbaz, Arash"]
[Black "Thomforde-Toates, Noah"]
[Result "1-0"]
[WhiteTitle "IM"]
[WhiteElo "2462"]
[BlackElo "2128"]
[WhiteFideId "12528846"]
[BlackFideId "30951992"]
[EventDate "2025.06.10"]

1. Nf3 Nf6 2. g3 g6 3. Bg2 Bg7 4. O-O O-O 5. d3 d6 6. c4 Nc6 7. Nc3 e5 8. Rb1 a5
9. a3 Re8 10. Bg5 h6 11. Bxf6 Bxf6 12. b4 axb4 13. axb4 Bg7 14. Nd5 e4 15. dxe4
Rxe4 16. Nd2 Re8 17. b5 Ne5 18. b6 cxb6 19. Nxb6 Ra2 20. Nxc8 Qxc8 21. Bxb7 Qh3
22. Bg2 Qg4 23. e3 Qe6 24. Rb7 Re7 25. Bd5 Rxb7 26. Bxb7 Qf5 27. Bd5 h5 28. Ne4
Nf3+ 29. Kg2 Ng5 30. Nxg5 Qxg5 31. Qf3 Qf6 32. c5 Qxf3+ 33. Kxf3 Ra5 34. c6 Rc5
35. Rb1 Be5 36. Rb7 Rxd5 37. c7 Rc5 38. Rb8+ Kg7 39. c8=Q Rxc8 40. Rxc8 Kf6 41.
Rc4 Ke6 42. Ra4 Kf6 43. Ke4 Ke6 44. Ra6 Bg7 45. f4 Bc3 46. h3 f5+ 47. Kf3 Be1
48. Ra1 Bc3 49. Rc1 Bb2 50. Rc2 Bf6 51. e4 fxe4+ 52. Kxe4 d5+ 53. Kf3 Kd6 54.
Ra2 d4 55. Ra6+ Ke7 56. Ke4 g5 57. fxg5 Bxg5 58. Rg6 Bf6 59. Rh6 h4 60. g4 Bg5
61. Rh5 Be3 62. Rxh4 Kd6 63. Rh5 Ke6 64. Rd5 Kf6 65. Rxd4 Bxd4 66. Kxd4 Kg5 67.
Ke5 Kh4 68. Kf6 Kxh3 69. g5 1-0

[Event "Titled Tue 10th Jun Late"]
[Site "chess.com INT"]
[Date "2025.06.10"]
[Round "6"]
[White "Kleimenov, Nikolay"]
[Black "Lira, Suan Bruno Fernandes"]
[Result "0-1"]
[WhiteTitle "CM"]
[WhiteElo "2199"]
[BlackElo "2163"]
[WhiteFideId "34414223"]
[BlackFideId "22794620"]
[EventDate "2025.06.10"]

1. e4 c5 2. Nf3 Nc6 3. Bb5 Nf6 4. Bxc6 dxc6 5. d3 Qc7 6. O-O e5 7. Re1 Be7 8. a4
Be6 9. a5 Nd7 10. Nbd2 g5 11. Nc4 Rg8 12. Nfd2 g4 13. Nf1 O-O-O 14. Qe2 h5 15.
Ng3 h4 16. Nf5 Bf6 17. Bd2 Kb8 18. Nce3 Bg5 19. Rf1 Nf6 20. Bc3 Bf4 21. g3 Bg5
22. Nxg4 Nxg4 23. Qxg4 hxg3 24. hxg3 Bd2 25. Qf3 Bxc3 26. bxc3 Rh8 27. Kg2 Rdg8
28. Rh1 Rxh1 29. Rxh1 Qxa5 30. Nh6 Rd8 31. Qf6 Qc7 32. Nf5 Bxf5 33. exf5 a5 34.
Rh7 Rd7 35. Rh8+ Ka7 36. Re8 Qd6 37. Qh8 Qd5+ 38. Kh2 Qf3 39. Ra8+ Kb6 40. Kg1
Qd1+ 41. Kg2 Qxc2 42. Qxe5 Qxd3 43. Kh2 Qd5 44. Qf4 Qd2 45. Qf3 Rd3 46. Qg2 Qxc3
47. Qf1 Qc2 48. Re8 c4 49. Kg2 Rd1 50. Re1 Rxe1 51. Qxe1 Qxf5 52. Qe3+ Qc5 53.
Qc3 f5 54. Qb2+ Qb5 55. Qd4+ Qc5 56. Qb2+ Ka6 57. Kf3 Qd5+ 58. Kf4 Qe4+ 59. Kg5
Qd3 60. Qc1 c3 61. f4 c2 62. Qa1 Qd1 63. Qh8 c1=Q 64. Qa8+ Kb6 65. Kxf5 Qcc2+
66. Kg5 Qd5+ 67. Kg4 Qg6+ 68. Kh3 Qgh5# 0-1

[Event "Titled Tue 10th Jun Late"]
[Site "chess.com INT"]
[Date "2025.06.10"]
[Round "6"]
[White "Fadi, Marko"]
[Black "Moosavifar, Seyed Abolfazl"]
[Result "1-0"]
[WhiteTitle "FM"]
[BlackTitle "FM"]
[WhiteElo "2298"]
[BlackElo "2303"]
[WhiteFideId "10605371"]
[BlackFideId "42548195"]
[EventDate "2025.06.10"]

1. c4 c5 2. Nc3 Nc6 3. g3 g6 4. Bg2 Bg7 5. Nf3 e6 6. O-O Nge7 7. e3 O-O 8. d4
cxd4 9. Nxd4 Nxd4 10. exd4 d5 11. cxd5 exd5 12. Bg5 f6 13. Bf4 Be6 14. Re1 Bf7
15. Qb3 g5 16. Bd2 Qd7 17. Re3 Rfd8 18. Rae1 Nc6 19. Bxd5 Nxd4 20. Bxf7+ Qxf7
21. Qxf7+ Kxf7 22. Re7+ Kg6 23. Kg2 Nc6 24. R7e2 Rd7 25. Ne4 Rad8 26. Bc3 Nd4
27. Rd2 Nf5 28. Rxd7 Rxd7 29. Nc5 Rc7 30. Ne6 Re7 31. g4 Nh4+ 32. Kg3 b6 33. f4
h6 34. f5+ Kf7 35. Nd8+ Ke8 36. Rxe7+ Kxe7 37. Nc6+ Kd6 38. Nxa7 Kc5 39. Be1 Bf8
40. a3 Bd6+ 41. Kh3 Nf3 42. Bb4+ Kd5 43. Bxd6 Kxd6 44. Nb5+ Ke5 45. Nc3 Ne1 46.
Kg3 Nd3 47. b4 Kd4 48. Na4 b5 49. Nb6 Ne5 50. Nc8 Nd7 51. Nd6 Kc3 52. Nxb5+ Kb3
53. Nc7 Kxa3 54. Nd5 Kb3 55. Kf3 Kc4 56. Ke4 Kb5 57. Kd4 Kc6 58. h3 Kb5 59. Ke4
Kc4 60. Nxf6 Nxf6+ 61. Ke5 Ne8 62. f6 Nxf6 63. Kxf6 Kxb4 64. Kg6 1-0

[Event "Titled Tue 10th Jun Late"]
[Site "chess.com INT"]
[Date "2025.06.10"]
[Round "6"]
[White "Garzon Zapatanga, Christopher Leonel"]
[Black "Terron Elena, Francisco M."]
[Result "0-1"]
[WhiteTitle "FM"]
[BlackTitle "FM"]
[WhiteElo "2155"]
[BlackElo "2148"]
[WhiteFideId "3634787"]
[BlackFideId "2210576"]
[EventDate "2025.06.10"]

1. b3 Nf6 2. Bb2 g6 3. Nf3 Bg7 4. g3 O-O 5. Bg2 d6 6. O-O e5 7. d4 exd4 8. Bxd4
c5 9. Bb2 d5 10. Nbd2 Nc6 11. e3 Bf5 12. c4 d4 13. exd4 cxd4 14. Ng5 h6 15. Nge4
Nxe4 16. Nxe4 Re8 17. Nc5 Qb6 18. Nd3 Rad8 19. Qd2 a5 20. Rfe1 Bxd3 21. Qxd3 Nb4
22. Rxe8+ Rxe8 23. Qd2 Kh7 24. a3 Nc6 25. Bd5 Re7 26. Bxc6 bxc6 27. b4 axb4 28.
axb4 Rb7 29. Rd1 Qxb4 30. Qxb4 Rxb4 31. Bxd4 Rxc4 32. Bxg7 Kxg7 33. Rd6 Rc2 34.
Kg2 Kf8 35. Rd7 Kg7 36. Rd6 h5 37. h4 Kf8 38. Rd7 Ke8 39. Rc7 Kf8 40. Kf3 c5 41.
Ke3 c4 42. f3 c3 43. Kf4 Rc1 44. Kg5 Kg7 45. g4 hxg4 46. fxg4 c2 47. Rc6 f6+ 48.
Rxf6 Rg1 49. Rxg6+ Kf8 50. Rf6+ Ke7 51. Rc6 c1=Q+ 52. Rxc1 Rxc1 53. Kg6 Rc4 54.
Kg5 Kf7 55. h5 Kg7 56. h6+ Kh7 57. Kh5 Rc5+ 58. g5 Rb5 59. Kg4 Kg6 60. Kh4 Rxg5
61. h7 Rh5+ 62. Kg4 Rxh7 63. Kf4 Re7 64. Kg3 Kg5 65. Kf3 Re5 66. Kf2 Re4 67. Kg2
Re3 68. Kg1 Re2 69. Kf1 Ra2 70. Ke1 Kf4 71. Kd1 Ke3 72. Kc1 Rh2 73. Kd1 Rg2 74.
Kc1 Kd3 75. Kb1 Kc3 76. Ka1 Kb3 77. Kb1 Rg1# 0-1

[Event "Titled Tue 10th Jun Late"]
[Site "chess.com INT"]
[Date "2025.06.10"]
[Round "6"]
[White "Srihari, L R"]
[Black "Mishra, Abhimanyu"]
[Result "0-1"]
[WhiteTitle "IM"]
[BlackTitle "GM"]
[WhiteElo "2480"]
[BlackElo "2611"]
[WhiteFideId "46617116"]
[BlackFideId "30920019"]
[EventDate "2025.06.10"]

1. e4 c5 2. Nf3 d6 3. b3 Nf6 4. Nc3 g6 5. e5 dxe5 6. Nxe5 Bg7 7. Bb5+ Bd7 8.
Nxd7 Nbxd7 9. O-O O-O 10. Re1 a6 11. Bf1 Nb8 12. Bb2 Nc6 13. Na4 Nd7 14. Bxg7
Kxg7 15. Qe2 e6 16. Qe3 Qe7 17. Rac1 Rfd8 18. g3 b5 19. Bg2 Rac8 20. Nc3 Nd4 21.
Ne4 Nf6 22. c3 Nf5 23. Qe2 Nxe4 24. Bxe4 Rd7 25. a4 Rcd8 26. Rcd1 bxa4 27. bxa4
a5 28. Bc6 Rd6 29. Bb5 Qf6 30. Bc4 h5 31. h4 Nh6 32. Qe5 Rxd2 33. Rxd2 Rxd2 34.
Qxc5 Qxc3 35. Qe5+ Qxe5 36. Rxe5 Rxf2 37. Rxa5 Rc2 38. Bf1 Nf5 39. Ra7 Nxg3 40.
Bd3 Rc3 41. Bb5 Nf5 42. a5 Nd6 43. Bf1 Ra3 44. a6 Nf5 45. Rd7 Nxh4 46. a7 Nf3+
47. Kf2 Ne5 48. Rc7 Nc6 49. Rxc6 Rxa7 50. Bc4 g5 51. Be2 Kg6 52. Bd3+ Kf6 53.
Be2 h4 54. Bf3 Ra2+ 55. Ke3 Ra4 56. Rc8 g4 57. Be2 Ke5 58. Rc5+ Kd6 59. Rh5 h3
60. Kf2 f5 61. Bf1 Ke5 62. Kg3 Ra3+ 63. Kh2 Kf4 64. Bc4 Rc3 65. Bxe6 Rc2+ 66.
Kg1 Kg3 67. Rxf5 Rc1+ 0-1

[Event "Titled Tue 10th Jun Late"]
[Site "chess.com INT"]
[Date "2025.06.10"]
[Round "6"]
[White "Donoso Aguirre, Maximiliano"]
[Black "Povshednyi, Ivan"]
[Result "0-1"]
[WhiteTitle "CM"]
[BlackTitle "FM"]
[WhiteElo "2050"]
[BlackElo "2309"]
[WhiteFideId "3458920"]
[BlackFideId "14190907"]
[EventDate "2025.06.10"]

1. e4 c5 2. c3 Nf6 3. e5 Nd5 4. Nf3 d6 5. exd6 e6 6. g3 Bxd6 7. Bg2 Nc6 8. O-O
O-O 9. d4 Nf6 10. Be3 Qe7 11. h3 Bd7 12. Nbd2 Nd5 13. dxc5 Bxc5 14. Bxc5 Qxc5
15. Ne4 Qe7 16. Re1 Rfd8 17. Qc2 h6 18. Rad1 Be8 19. a3 Nf6 20. Nfd2 Nxe4 21.
Nxe4 Rac8 22. Rxd8 Rxd8 23. Rd1 Ne5 24. Qe2 Bc6 25. Rxd8+ Qxd8 26. Kh2 Qb6 27.
c4 Qd4 28. b3 Nd3 29. Kg1 Nc1 30. Qc2 Nxb3 31. Nf6+ Qxf6 32. Qxb3 Bxg2 33. Kxg2
Qe7 34. Qa4 a6 35. Qa5 Qd7 36. Kg1 Qd1+ 37. Kg2 Qd7 38. Kg1 g6 39. Qe5 Qc6 40.
Qf4 h5 41. h4 b5 42. cxb5 axb5 43. Qb4 Qd5 44. Qe7 Qf5 45. Qd8+ Kg7 46. Qe7 Qf6
47. Qb4 Qe5 48. Kg2 Qd5+ 49. Kg1 g5 50. hxg5 Qxg5 51. Qc3+ Kh7 52. Qb4 Kg6 53.
Kh2 Qf5 54. Kg2 Qd5+ 55. Kh2 Qc4 56. Qb1+ f5 57. Qb2 h4 58. gxh4 Qxh4+ 59. Kg2
Qg4+ 60. Kf1 Qd1+ 61. Kg2 Qd5+ 62. Kh2 e5 63. Qb4 f4 64. Qe7 Kf5 65. Qf8+ Ke4
66. Kg2 Kd3+ 67. Kg1 Ke2 0-1

[Event "Titled Tue 10th Jun Late"]
[Site "chess.com INT"]
[Date "2025.06.10"]
[Round "6"]
[White "Silva, Luca"]
[Black "Avramidou, Anastasia"]
[Result "0-1"]
[WhiteTitle "FM"]
[BlackTitle "FM"]
[WhiteElo "2211"]
[BlackElo "2294"]
[WhiteFideId "147370"]
[BlackFideId "4239873"]
[EventDate "2025.06.10"]

1. d4 Nf6 2. c4 g6 3. Nc3 Bg7 4. e4 d6 5. Nf3 O-O 6. h3 Na6 7. Bg5 h6 8. Be3 Qe8
9. g4 e5 10. d5 c6 11. Be2 Nc5 12. Nd2 cxd5 13. exd5 a5 14. Qc2 b6 15. Rg1 Nh7
16. h4 Kh8 17. O-O-O a4 18. a3 Bd7 19. Nde4 Qe7 20. g5 h5 21. Rg3 Bf5 22. Bxc5
bxc5 23. Bd3 Rfb8 24. Rdg1 Nf8 25. Nf6 Bxd3 26. Qxd3 Bxf6 27. gxf6 Qxf6 28. Ne4
Qf4+ 29. Qe3 Qxe3+ 30. fxe3 Ra6 31. Nc3 Kg7 32. Rf3 Nd7 33. Rgf1 f5 34. Rg1 Kh6
35. Rfg3 Rg8 36. Nb5 Nf6 37. Nc7 Ra7 38. Nb5 Rd7 39. Nc3 Ng4 40. Nxa4 f4 41.
exf4 exf4 42. Rf3 Rf7 43. Nc3 Ne5 44. Rff1 Re8 45. Kc2 Nxc4 46. Kd3 Nxb2+ 47.
Kc2 Nc4 48. Kd3 Ne5+ 49. Kd2 Ng4 50. Rf3 Re3 51. Rxe3 fxe3+ 52. Kd3 Re7 53. Ne4
Nf2+ 54. Nxf2 exf2 55. Rf1 Re5 56. Rxf2 Rxd5+ 57. Kc4 Rd4+ 58. Kb5 Rxh4 59. a4
Rb4+ 60. Ka5 Rb1 61. Rd2 c4 62. Rxd6 c3 63. Rc6 Rc1 64. Kb4 c2 65. Kc3 Ra1 66.
Kxc2 Rxa4 67. Kd3 Rf4 68. Ke3 Rf1 69. Ke2 Rf5 70. Rc8 Kg5 71. Rc4 h4 72. Rc8 Kg4
73. Rh8 g5 74. Ke1 Kg3 75. Ke2 g4 76. Rb8 h3 77. Rb3+ Kg2 78. Rb2 Rf2+ 79. Ke3
Rxb2 80. Kf4 g3 81. Kg4 h2 82. Kf4 Rc2 83. Kg4 Kf2 84. Kh3 h1=Q+ 85. Kg4 Qf3+
86. Kh3 g2+ 87. Kh2 g1=B# 0-1

[Event "Titled Tue 10th Jun Late"]
[Site "chess.com INT"]
[Date "2025.06.10"]
[Round "6"]
[White "Sobek, Jaroslav"]
[Black "Tokarz, Izabela"]
[Result "0-1"]
[WhiteTitle "FM"]
[BlackTitle "WFM"]
[WhiteElo "2195"]
[BlackElo "2054"]
[WhiteFideId "301388"]
[BlackFideId "21849170"]
[EventDate "2025.06.10"]

1. d4 Nf6 2. c4 g6 3. Nc3 d5 4. Bf4 Bg7 5. e3 O-O 6. Rc1 dxc4 7. Bxc4 a6 8. a4
Nbd7 9. Nf3 Nb6 10. Bb3 c6 11. O-O Nbd5 12. Bg3 Bg4 13. h3 Nxc3 14. bxc3 Bf5 15.
c4 Ne4 16. Bh2 Qa5 17. Bc2 Rfd8 18. Rb1 Nc3 19. Qd2 Bxc2 20. Qxc2 Nxb1 21. Rxb1
b5 22. axb5 cxb5 23. cxb5 e5 24. b6 Rab8 25. Qb3 Rb7 26. Nxe5 Bxe5 27. Bxe5 Re8
28. Bd6 Re6 29. Bc5 Qd2 30. Ra1 a5 31. Qa4 Rf6 32. Rf1 Re6 33. Ra1 Rbxb6 34.
Bxb6 Rxb6 35. Qxa5 Qb2 36. Qa8+ Kg7 37. Rf1 h5 38. Qf3 Rf6 39. Qe4 Qe2 40. Qe5
h4 41. f3 Qa6 42. Rc1 Kh7 43. e4 Re6 44. Qf4 Qb6 45. Qxh4+ Kg7 46. Rd1 Qb3 47.
Qe1 Rd6 48. Qd2 Qc4 49. d5 Qc5+ 50. Qd4+ Qxd4+ 51. Rxd4 Kf6 52. f4 Ke7 53. e5
Ra6 54. Kf2 Ra3 55. Re4 Rd3 56. d6+ Ke6 57. Re3 Rd2+ 58. Kf3 Rd1 59. g4 Rh1 60.
Ke4 Ra1 61. f5+ gxf5+ 62. gxf5+ Kd7 63. Rc3 Ra4+ 64. Ke3 Ra5 65. Rc7+ Kd8 66.
Ke4 Ra4+ 67. Kf3 Ra5 68. Kf4 Ra4+ 69. Kg5 Ra5 70. Kf6 Ke8 71. Rd7 Kxd7 72. Kxf7
Rxe5 73. Kf6 Kxd6 74. h4 Re4 75. h5 Rg4 76. h6 Rh4 77. Kg7 Ke7 78. h7 Rg4+ 79.
Kh6 Kf7 0-1

[Event "Titled Tue 10th Jun Late"]
[Site "chess.com INT"]
[Date "2025.06.10"]
[Round "6"]
[White "Melian, Juan Sebastian"]
[Black "Lesovoi, Evgenij"]
[Result "1/2-1/2"]
[WhiteTitle "FM"]
[BlackTitle "FM"]
[WhiteElo "2358"]
[BlackElo "2234"]
[WhiteFideId "3706575"]
[BlackFideId "24164135"]
[EventDate "2025.06.10"]

1. e4 e5 2. Nf3 Nc6 3. d4 exd4 4. Nxd4 Nf6 5. Nc3 Bb4 6. Nxc6 bxc6 7. Bd3 O-O 8.
O-O d5 9. exd5 cxd5 10. Qf3 c6 11. Bg5 h6 12. Bf4 a5 13. h3 a4 14. Ne2 Re8 15.
Rad1 Bd6 16. c4 Rb8 17. cxd5 cxd5 18. Bxd6 Qxd6 19. Rd2 Qb4 20. Rfd1 Ne4 21.
Bxe4 dxe4 22. Qe3 Ba6 23. Nf4 Qb6 24. Qxb6 Rxb6 25. Rd8 Rxd8 26. Rxd8+ Kh7 27.
Rd2 Bc4 28. a3 g5 29. Ne2 Bxe2 30. Rxe2 f5 31. Rc2 Kg6 32. Kf1 Kf6 33. Ke2 Ke5
34. Kd2 Kd4 35. Kc1 f4 36. Rd2+ Ke5 37. Rd8 e3 38. fxe3 fxe3 39. Kc2 Kf4 40.
Rf8+ Ke4 41. Re8+ Kf4 42. Rf8+ Kg3 43. Rf3+ Kxg2 44. Rxe3 Rb5 45. Rc3 h5 46. Rd3
Kh2 47. Rc3 h4 48. Re3 Kg2 49. Rd3 Rf5 50. b4 axb3+ 51. Kxb3 Rb5+ 52. Kc4 Rb8
53. a4 Rc8+ 54. Kb5 Rg8 55. a5 g4 56. hxg4 h3 57. a6 h2 58. Rd2+ Kg1 59. Rd1+
Kg2 60. a7 Kg3 61. Rh1 Kg2 62. Ra1 Kg3 63. Rh1 Kg2 64. Rc1 Kg3 65. Kb6 Kxg4 66.
Kb7 Rg7+ 67. Kb6 Rg8 68. Kb7 Rg7+ 69. Kb6 Rg6+ 70. Kb5 Rg8 71. Kb6 Kh3 72. Rh1
Rg6+ 73. Kb7 Rg7+ 74. Kb6 Rg8 75. Rxh2+ Kxh2 76. Kb7 Rg7+ 77. Kb8 Rg8+ 78. Kb7
Rg7+ 79. Kb8 Rxa7 80. Kxa7 1/2-1/2

[Event "Titled Tue 10th Jun Late"]
[Site "chess.com INT"]
[Date "2025.06.10"]
[Round "6"]
[White "Achuthan, Aryan"]
[Black "Xiong, Jeffery"]
[Result "0-1"]
[BlackTitle "GM"]
[WhiteElo "2087"]
[BlackElo "2639"]
[WhiteFideId "30982294"]
[BlackFideId "2047640"]
[EventDate "2025.06.10"]

1. d4 d5 2. c4 e6 3. Nc3 Nf6 4. cxd5 exd5 5. Bg5 c6 6. e3 Be7 7. Bd3 Bg4 8. Qc2
Bh5 9. Nge2 Bg6 10. Nf4 Nbd7 11. Nxg6 hxg6 12. h3 Nf8 13. Na4 Qa5+ 14. Nc3 Ne6
15. Bxf6 Bxf6 16. Be2 Kf8 17. Bg4 Ng5 18. O-O-O Re8 19. Kb1 Qd8 20. Na4 Ne4 21.
Bf3 Nd6 22. Nc5 Kg8 23. a3 Be7 24. Ka2 Nc4 25. Nd3 Qa5 26. Qb3 b5 27. Nb4 Qb6
28. Rc1 a5 29. Nd3 Bd6 30. Rhe1 Rh4 31. Qc2 a4 32. Ka1 b4 33. Qxa4 bxa3 34. b3
Na5 35. Ka2 Rb8 36. Rc3 Qd8 37. Rec1 c5 38. Nxc5 Bxc5 39. Rxc5 Nxb3 40. Qxb3
Rxb3 41. Kxb3 Qb6+ 42. Kxa3 Rh8 43. Rc8+ Kh7 44. Rxh8+ Kxh8 45. Rc5 Qa6+ 46. Kb4
Qf1 47. Rxd5 Qxf2 48. Re5 Qc2 49. Re4 f5 50. Re5 Kh7 51. Kb5 Kh6 52. Rc5 Qb3+
53. Kc6 Qxe3 54. d5 Qe8+ 55. Kc7 Qe7+ 56. Kc6 Qd8 57. d6 Kg5 58. d7 Kf6 59. Kd6
Qe7+ 60. Kc6 Qd8 61. Rd5 g5 62. Kc5 Ke6 63. Rd6+ Ke5 64. Rd5+ Ke6 65. Rd6+ Ke7
66. Rd5 Qc7+ 67. Kd4 Qf4+ 68. Kd3 Kd8 69. Rd4 Qe5 70. Kc4 Qe6+ 71. Kc5 Qe3 72.
Kc4 g6 73. Rd3 Qb6 74. Kc3 Qc5+ 75. Kd2 g4 76. hxg4 fxg4 77. Bxg4 Qb4+ 78. Ke3
Qxg4 79. Kf2 Qf5+ 80. Ke2 Qe4+ 81. Kd2 Qxg2+ 82. Ke3 g5 83. Rd4 g4 84. Rd3 g3
85. Kf4 Qf1+ 86. Rf3 g2 0-1

[Event "Titled Tue 10th Jun Late"]
[Site "chess.com INT"]
[Date "2025.06.10"]
[Round "6"]
[White "Yeganegi, Barad"]
[Black "Bortnyk, Olexandr"]
[Result "1/2-1/2"]
[WhiteTitle "FM"]
[BlackTitle "GM"]
[WhiteElo "2400"]
[BlackElo "2601"]
[WhiteFideId "42516340"]
[BlackFideId "14120828"]
[EventDate "2025.06.10"]

1. d4 Nf6 2. c4 b6 3. Nc3 Bb7 4. d5 e5 5. e3 a5 6. Bd3 Na6 7. Nf3 Bd6 8. O-O O-O
9. Bc2 Nc5 10. b3 e4 11. Ng5 Be5 12. Bb2 Nxd5 13. cxd5 Qxg5 14. Nxe4 Nxe4 15. f4
Bxf4 16. Rxf4 f5 17. h4 Qg3 18. Qd4 Rae8 19. Raf1 c5 20. dxc6 Bxc6 21. R1f3 Qg6
22. h5 Qf6 23. Rxf5 Qxd4 24. Rxf8+ Rxf8 25. Bxd4 b5 26. Bxe4 Bxe4 27. Rg3 g6 28.
Rg5 d5 29. h6 Rf5 30. Rxf5 gxf5 31. Kf2 Kf7 32. Kg3 Kg6 33. Bg7 b4 34. Bf8 Bb1
35. Bc5 Bxa2 36. Bb6 a4 37. bxa4 Kxh6 38. Kf4 Kg6 39. Bd4 Bc4 40. a5 b3 41. g3
h5 42. Bb2 Bd3 43. Bd4 Kh6 44. Bb2 Kg6 45. Bd4 Ba6 46. Bb2 Bb5 47. Bd4 Bf1 48.
Bb2 Be2 49. Bd4 Bd3 50. Bb2 Kf7 51. Kg5 Ke6 52. Kxh5 Kd6 53. Kg5 Kc5 54. a6 Kb6
55. Kf4 Kxa6 56. Ke5 Be4 57. Kd4 Kb5 58. Kc3 Bc2 59. Ba3 Kc6 60. Be7 Kd7 61. Bg5
Kd6 62. Bf4+ Kc5 63. Kb2 Kc4 64. Be5 Kd3 65. Bf4 Bd1 66. Bg5 Ke2 67. Bf4 Kf3 68.
Kc3 Bc2 69. Kb2 Ke4 70. Kc3 Bd1 71. Kb2 Kd3 72. Bg5 Kc4 73. Bf4 Bh5 74. Bg5 Bf7
75. Bf4 Kd3 76. Bg5 Ke2 77. Bf4 Be6 78. Kc3 Kf3 79. Kb2 Bg8 80. Kc3 Ke2 81. Kb2
Bf7 82. Kc3 Kf2 83. Kb2 Ke1 84. Kc3 Kd1 85. Kb2 Kd2 86. Bg5 Ke2 87. Bf4 Kd1 88.
Bg5 Ke2 1/2-1/2